Jawahar rozgar yojna: a policy implementation perspective (Record no. 482108)

000 -LEADER
fixed length control field 00439cam a22001337a 4500
008 - FIXED-LENGTH DATA ELEMENTS--GENERAL INFORMATION
fixed length control field 180718b1997 xxu||||| |||| 00| 0 eng d
082 ## - DEWEY DECIMAL CLASSIFICATION NUMBER
Classification number APPPA 96-97 RAO
100 ## - MAIN ENTRY--PERSONAL NAME
Personal name Rao, P. Jyoti
245 ## - TITLE STATEMENT
Title Jawahar rozgar yojna: a policy implementation perspective
Statement of responsibility, etc. by P. Jyoti Rao
260 ## - PUBLICATION, DISTRIBUTION, ETC.
Place of publication, distribution, etc. New Delhi
Name of publisher, distributor, etc. Indian Institute of Public Administration
Date of publication, distribution, etc. 1997
300 ## - PHYSICAL DESCRIPTION
Extent 160p.
650 ## - SUBJECT ADDED ENTRY--TOPICAL TERM
Topical term or geographic name entry element Jawahar Rozgar Yojana
650 ## - SUBJECT ADDED ENTRY--TOPICAL TERM
Topical term or geographic name entry element Employment, Rural - India
Holdings
Withdrawn status Lost status Damaged status Not for loan Permanent Location Current Location Date acquired Full call number Barcode Date last seen Price effective from Koha item type
        Indian Institute of Public Administration Indian Institute of Public Administration 2018-08-04 APPPA 96-97 RAO GR14360 2018-08-04 2018-08-04 GR

Powered by Koha